Analysis of security check-post wall panels against blast loading (Record no. 553606)

000 -LEADER
fixed length control field 00338nam a22001217a 4500
082 ## - DEWEY DECIMAL CLASSIFICATION NUMBER
Classification number T-192
100 ## - MAIN ENTRY--PERSONAL NAME
Personal name Syed Kamran Nazim banuri
9 (RLIN) 50876
245 ## - TITLE STATEMENT
Title Analysis of security check-post wall panels against blast loading
260 ## - PUBLICATION, DISTRIBUTION, ETC.
Place of publication, distribution, etc. Risalpur
Name of publisher, distributor, etc. MCE
Date of publication, distribution, etc. xxi,112p.
526 ## - STUDY PROGRAM INFORMATION NOTE
Program name 0
Interest level 0
Reading level 0
Title point value T_192
526 ## - STUDY PROGRAM INFORMATION NOTE
Program name 0
Interest level 0
Reading level 0
Title point value T_192
942 ## - ADDED ENTRY ELEMENTS (KOHA)
Source of classification or shelving scheme
Koha item type Book
Holdings
Withdrawn status Lost status Source of classification or shelving scheme Damaged status Not for loan Permanent Location Current Location Date acquired Total Checkouts Full call number Barcode Date last seen Date last checked out Price effective from Koha item type Public note
          Military College of Engineering (MCE) Military College of Engineering (MCE) 11/09/2015 1 T-192 MCE-T-192 10/24/2017 10/24/2017 11/09/2015 Book Thesis
          Military College of Engineering (MCE) Military College of Engineering (MCE) 12/06/2019   T-192 MCE-T-192A 12/06/2019   12/06/2019 Book  
© 2023 Central Library, National University of Sciences and Technology. All Rights Reserved.